书目信息 |
| 题名: |
高能密度物理学
|
|
| 作者: | 特勒 , Teller 著 ;徐锡申 著 | |
| 分册: | ||
| 出版信息: | 北京 原子能出版社 1982 |
|
| 页数: | 259页 | |
| 开本: | 25cm | |
| 丛书名: | ||
| 单 册: | ||
| 中图分类: | O57 | |
| 科图分类: | ||
| 主题词: | 核物理学 , 高能物理学 | |
| 电子资源: | ||
| ISBN: | ||
| 000 | 00744nam0 2200277 45 | |
| 001 | 0182005601 | |
| 005 | 20040517162956.8 | |
| 010 | @dCNY2.35 | |
| 091 | @a15175.191 | |
| 100 | @a19950607d1982 emky0chiy0121 ea | |
| 101 | 0 | @achi |
| 102 | @aCN@b110000 | |
| 105 | @ay z 000yy | |
| 106 | @ar | |
| 200 | 10 | @a高能密度物理学@Agao neng mi du wu li xue@f特勒(Teller,E.)著@FTe Le(Teller,E.)Zhu@g徐锡申著 |
| 210 | @a北京@c原子能出版社@d1982 | |
| 215 | @a259页@d25cm | |
| 606 | 0 | @a核物理学 |
| 606 | 0 | @a高能物理学 |
| 690 | @aO57 | |
| 701 | 1 | @a特勒@Ate le@bE.@4著 |
| 701 | A1 | @aTeller@bE.@4著 |
| 702 | 0 | @a徐锡申@Axu xi shen@4著 |
| 801 | 0 | @aCN@b上海图书馆@c20040517 |
| 801 | 2 | @aCN@bNLC@c20040517 |
| 905 | @f2@b130569-570@dO57@e23 | |
| 高能密度物理学/特勒(Teller,E.)著/徐锡申著.-北京:原子能出版社,1982 |
| 259页;25cm |
| ISBN :CNY2.35 |
| ● |
| 相关链接 |
|
|
|
|
正题名:高能密度物理学
索取号:O57/23
 
预约/预借
| 序号 | 登录号 | 条形码 | 馆藏地/架位号 | 状态 | 备注 |
| 1 | 0130569 | 001452671 | 第三借阅区/ [索取号:O57/23] | 在馆 | |
| 2 | 0130570 | 001452662 | 第三借阅区/ [索取号:O57/23] | 在馆 | |
| 3 | 0130571 | 202102045 | 第二样本阅览室/ [索取号:O57/23] | 在馆 |